| 000 | 00000nam##2200000za#4500 |
| 001 | 9.665045 |
| 003 | CaOODSP |
| 005 | 20210615122008 |
| 007 | ta |
| 008 | 150407|2003||||xxc||||| f|0| 0 eng|d |
| 020 | |a0-662-67707-2 |
| 040 | |aCaOODSP|beng |
| 041 | |aeng |
| 041 | |afre |
| 043 | |an-cn--- |
| 086 | 1 |aA22-341/2003 |
| 110 | 1 |aCanada. |bAgriculture and Agri-Food Canada. |
| 245 | 10|aPesticide risk reduction and minor use programs : |bimproving ways to manage pests with new technology |
| 260 | |aOttawa - Ontario : |bAgriculture and Agri-Food Canada |c2003. |
| 300 | |aEnglish text, 9p. ; |c22 cm. |
| 500 | |aN.B.: Incorrect ISBN (0-662-67707) printed in this publication. |
| 563 | |aSoftcover |
| 590 | |a04-10|b2004-03-05 |
| 690 | 07|aPesticides|2gcpds |
| 776 | 0#|tProgrammes visant les pesticides à usage limité et la réduction des risques liés aux pesticides : |w(CaOODSP)9.631159 |
| 776 | 0#|tPesticide risk reduction and minor use programs : |w(CaOODSP)9.686696 |
| 792 | |tProgrammes visant les pesticides à usage limité et la réduction des risques liés aux pesticides : |efre|w(CaOODSP)9.665046 |